Child health & survival : (Record no. 21186)

000 -LEADER
fixed length control field 00784cam a2200253 a 4500
020 ## - INTERNATIONAL STANDARD BOOK NUMBER
ISBN 0709948107 :
040 ## - CATALOGING SOURCE
Transcribing agency DLC
082 00 - DEWEY DECIMAL CLASSIFICATION NUMBER
Classification number 362 PRE 1987 A084 Or.
245 00 - TITLE STATEMENT
Title Child health & survival :
Remainder of title the UNICEF GOBI-FFF program /
260 ## - PUBLICATION, DISTRIBUTION, ETC. (IMPRINT)
Place of publication London ;
-- Wolfeboro, N.H. :
Name of publisher Croom Helm,
Year of publication c1987.
300 ## - PHYSICAL DESCRIPTION
Number of Pages x, 253 p. :
Other physical details ill. ;
Dimensions 22 cm.
500 ## - GENERAL NOTE
General note Consists of papers presented at a conference held in May 1985 in New England.
650 #0 - SUBJECT ADDED ENTRY--TOPICAL TERM
Topical Term GOBI-FFF (Program)
650 #0 - SUBJECT ADDED ENTRY--TOPICAL TERM
Topical Term Child health services
650 #0 - SUBJECT ADDED ENTRY--TOPICAL TERM
Topical Term Maternal health services
650 #2 - SUBJECT ADDED ENTRY--TOPICAL TERM
Topical Term Child Health Services
650 #2 - SUBJECT ADDED ENTRY--TOPICAL TERM
Topical Term Child Welfare
650 #2 - SUBJECT ADDED ENTRY--TOPICAL TERM
Topical Term Maternal Health Services
700 1# - ADDED ENTRY--PERSONAL NAME
Personal name Cash, Richard A.
700 1# - ADDED ENTRY--PERSONAL NAME
Personal name Keusch, Gerald.
700 1# - ADDED ENTRY--PERSONAL NAME
Personal name Lamstein, Joel.
710 2# - ADDED ENTRY--CORPORATE NAME
Corporate name or jurisdiction name as entry element UNICEF.
942 ## - ADDED ENTRY ELEMENTS (KOHA)
Koha item type ADB
952 ## - LOCATION AND ITEM INFORMATION (KOHA)
Withdrawn status [LOCAL, KOHA] 0
Holdings
Permanent Location Date acquired Koha item type Lost status Shelving location Barcode Current Location Full call number
Library Block A2023-02-22ADB A084A39187Library Block A362 PRE 1987 A084 Or.
មជ្ឈមណ្ឌលឯការនៃសាកលវិទ្យាល័យភូមិន្ទកសិកម្មចំការដូង

Powered by Koha